[Event "VII Memorial Nicola Palladino A"]
[Site "Milano ITA"]
[Date "2015.04.06"]
[Round "6"]
[White "Podini, Francesco"]
[Black "Tagliaferri, Valerio"]
[WhiteElo "2014"]
[BlackElo "1820"]
[Result "1-0"]
[PlyCount "107"]
[EventDate "2015.04.02"]

1. c4 Nf6 2. Nc3 e6 3. e4 d6 4. g3 c5 5. Bg2 Nc6 6. Nge2 Be7 7. d3 Rb8 8. O-O
O-O 9. h3 a6 10. Be3 b5 11. b3 Bd7 12. Qd2 Qc7 13. Rac1 bxc4 14. dxc4 Rfd8 15.
f4 Qc8 16. Kh2 Ne8 17. Rfd1 Nc7 18. Qe1 Be8 19. Qf2 Bf8 20. e5 dxe5 21. Bxc5
Nb4 22. Bxb4 Bxb4 23. fxe5 a5 24. Ne4 Qa6 25. Nf4 Bc6 26. Nd3 Ba3 27. Rb1 Qa8
28. Qe3 Be7 29. Rd2 Rd7 30. Rbd1 Rbd8 31. Ndf2 Rxd2 32. Rxd2 Rxd2 33. Qxd2 Ne8
34. Qd4 Qb8 35. Nd3 Qc7 36. Ndc5 h6 37. a3 Qb6 38. Nd6 Bxg2 39. Kxg2 Nxd6 40.
exd6 Qc6+ 41. Kf2 Bxd6 42. b4 axb4 43. axb4 Bxc5 44. bxc5 Kf8 45. Qd6+ Qxd6 46.
cxd6 Ke8 47. Ke3 Kd7 48. c5 Kc6 49. Ke4 f6 50. g4 g6 51. h4 Kd7 52. g5 hxg5 53.
hxg5 fxg5 54. Ke5 1-0

[Event "VII Memorial Nicola Palladino A"]
[Site "Milano ITA"]
[Date "2015.04.06"]
[Round "7"]
[White "Cantoro, Daniele"]
[Black "Cazzaniga, Walter"]
[WhiteElo "2105"]
[BlackElo "2148"]
[Result "0-1"]
[PlyCount "124"]
[EventDate "2015.04.02"]

1. d4 Nf6 2. c4 g6 3. Nc3 Bg7 4. e4 d6 5. Nf3 O-O 6. h3 c6 7. Be3 a6 8. a4 a5
9. g4 Na6 10. g5 Nh5 11. Be2 e5 12. dxe5 dxe5 13. Qxd8 Rxd8 14. Bb6 Re8 15.
Bxa5 Nc5 16. Bb6 Nb3 17. Rd1 Nf4 18. Bf1 Be6 19. Be3 Rad8 20. Bb6 Rxd1+ 21.
Kxd1 Nd4 22. Ne1 h6 23. gxh6 Bxh6 24. Nc2 Bg7 25. Ne3 f6 26. Kc1 Kf7 27. b4 Rh8
28. Kb2 Ra8 29. a5 Bf8 30. Ka3 Be7 31. Na4 f5 32. exf5 gxf5 33. Nc5 Bc8 34. h4
Nh5 35. Nd3 Bf6 36. Bc7 e4 37. Nf4 Nxf4 38. Bxf4 c5 39. Bd6 cxb4+ 40. Bxb4 b6
41. Bc3 bxa5 42. Nd5 Bh8 43. Nb6 Rb8 44. Bxd4 Bxd4 45. Nxc8 Rxc8 46. Rh2 Kg6
47. Rg2+ Kh6 48. Rg5 Rc5 49. Bh3 f4 50. Rxc5 Bxc5+ 51. Kb3 Bxf2 52. Bf5 e3 53.
Bg4 Bxh4 54. c5 Bd8 55. Kc3 Kg5 56. Bd1 Kh4 57. Kd3 Kg3 58. Ke2 Be7 59. c6 Bd6
60. Bb3 Bc7 61. Kd3 Bb6 62. Ke4 e2 0-1

[Event "VII Memorial Nicola Palladino A"]
[Site "Milano ITA"]
[Date "2015.04.06"]
[Round "7"]
[White "Cavalleri, Giuseppe"]
[Black "Baronio, Gaia"]
[WhiteElo "1802"]
[BlackElo "1845"]
[Result "1/2-1/2"]
[PlyCount "69"]
[EventDate "2015.04.02"]

1. d4 d5 2. c4 c6 3. Nc3 Nf6 4. Nf3 dxc4 5. e4 b5 6. a3 Bb7 7. Bg5 Nbd7 8. Qc2
Qc7 9. g3 e6 10. Bg2 h6 11. Bf4 Qb6 12. O-O Be7 13. h3 O-O 14. Be3 Qc7 15. Rad1
a6 16. Bf4 Qc8 17. g4 g5 18. Be3 Rd8 19. Nh2 Nf8 20. f4 N8h7 21. fxg5 hxg5 22.
e5 Nd5 23. Nxd5 cxd5 24. Qf2 Rf8 25. Qg3 a5 26. Nf3 Qd8 27. Qf2 b4 28. axb4
axb4 29. h4 gxh4 30. Bh6 Ra2 31. Bxf8 Qxf8 32. Ra1 b3 33. Rxa2 bxa2 34. Ra1 Qa8
35. Nxh4 1/2-1/2

[Event "VII Memorial Nicola Palladino A"]
[Site "Milano ITA"]
[Date "2015.04.06"]
[Round "7"]
[White "D'Alfonso, Nicola"]
[Black "Cerioni, Armando"]
[WhiteElo "2049"]
[BlackElo "1951"]
[Result "0-1"]
[PlyCount "76"]
[EventDate "2015.04.02"]

1. Nf3 Nc6 2. g3 e5 3. d3 d5 4. Nbd2 f5 5. e3 e4 6. Nh4 Nf6 7. d4 Be6 8. b3 g5
9. Ng2 Rg8 10. Nb1 Ne7 11. Ba3 c6 12. c3 Qc7 13. Qc2 Bf7 14. h4 h6 15. hxg5
hxg5 16. Be2 Ng6 17. Qd2 Bxa3 18. Nxa3 Qd6 19. Nc2 a5 20. O-O-O a4 21. b4 b5
22. Rh6 Ke7 23. Rdh1 Raf8 24. Kb2 Qb8 25. Qc1 Be6 26. Qg1 f4 27. Nge1 f3 28.
Bf1 Kf7 29. Kc1 Rh8 30. Na3 Rxh6 31. Rxh6 Rh8 32. Rxh8 Qxh8 33. Kd2 Bh3 34.
Nec2 Bxf1 35. Qxf1 Qh2 36. Ke1 Ng4 37. Nb1 Qg2 38. Nd2 Nh2 0-1

[Event "VII Memorial Nicola Palladino A"]
[Site "Milano ITA"]
[Date "2015.04.06"]
[Round "7"]
[White "Motola, Jacopo"]
[Black "Astengo, Corrado"]
[WhiteElo "2240"]
[BlackElo "2100"]
[Result "1/2-1/2"]
[PlyCount "86"]
[EventDate "2015.04.02"]

1. e4 e6 2. d4 d5 3. Nc3 dxe4 4. Nxe4 Nd7 5. Nf3 Ngf6 6. Bg5 Be7 7. Nxf6+ Nxf6
8. c4 c5 9. Be2 Qa5+ 10. Qd2 Qxd2+ 11. Bxd2 cxd4 12. Nxd4 Ne4 13. Be3 Bb4+ 14.
Kf1 O-O 15. a3 Be7 16. Nb5 a6 17. Nc7 Rb8 18. Rd1 Bc5 19. Bxc5 Nxc5 20. b4 Ne4
21. c5 Nf6 22. b5 axb5 23. Bxb5 Ne4 24. Rc1 Rd8 25. Ke2 Bd7 26. f3 Bxb5+ 27.
Nxb5 Nf6 28. Rhd1 Nd5 29. g3 Rdc8 30. Rd4 Rc6 31. Rdc4 g6 32. h4 Ra8 33. a4 Kg7
34. Nc3 Nb6 35. Rb4 Nd7 36. Ne4 b6 37. Rd4 Nxc5 38. Rdc4 Rc7 39. Nxc5 Rxc5 40.
Rxc5 bxc5 41. Rxc5 Rxa4 42. Rb5 h5 43. Rc5 Kf6 1/2-1/2

[Event "VII Memorial Nicola Palladino A"]
[Site "Milano ITA"]
[Date "2015.04.06"]
[Round "7"]
[White "Pelizzola, Danilo"]
[Black "Podetti, Davide"]
[WhiteElo "2043"]
[BlackElo "1974"]
[Result "1/2-1/2"]
[PlyCount "29"]
[EventDate "2015.04.02"]

1. e4 e6 2. d4 d5 3. exd5 exd5 4. Bd3 Nc6 5. Nf3 Bd6 6. Nc3 Nge7 7. Be3 Be6 8.
Qd2 Qd7 9. Bf4 O-O-O 10. Bxd6 Qxd6 11. O-O-O Ng6 12. Bxg6 hxg6 13. Nb5 Qd7 14.
Nc3 Qd6 15. Nb5 1/2-1/2

[Event "VII Memorial Nicola Palladino A"]
[Site "Milano ITA"]
[Date "2015.04.06"]
[Round "7"]
[White "Podini, Francesco"]
[Black "Burani, Eugenio"]
[WhiteElo "2014"]
[BlackElo "1800"]
[Result "1/2-1/2"]
[PlyCount "88"]
[EventDate "2015.04.02"]

1. d4 Nf6 2. Bf4 c5 3. c3 b6 4. Nf3 Bb7 5. h3 e6 6. e3 Be7 7. Nbd2 d5 8. a4 O-O
9. Bd3 Nc6 10. O-O Rc8 11. Qb1 h6 12. Bh2 Bd6 13. Ne5 Qe7 14. f4 Nd7 15. Qd1
Qe8 16. Ndf3 c4 17. Bc2 f5 18. Bg3 Ndxe5 19. Nxe5 Nxe5 20. fxe5 Bc7 21. Be1 a6
22. b3 Ra8 23. bxc4 dxc4 24. Qe2 b5 25. e4 f4 26. Qg4 g5 27. h4 Qg6 28. Bd2 h5
29. Qxg5 Qxg5 30. hxg5 Rf7 31. axb5 axb5 32. Rxa8+ Bxa8 33. Rxf4 Rxf4 34. Bxf4
Ba5 35. Bd2 Bb6 36. Kf2 b4 37. Ke3 b3 38. Bb1 Bc6 39. Kf4 Kg7 40. Kg3 Kg6 41.
d5 Bd7 42. d6 Bc6 43. Kf3 Bd7 44. Ke2 Bc5 1/2-1/2

[Event "VII Memorial Nicola Palladino A"]
[Site "Milano ITA"]
[Date "2015.04.06"]
[Round "7"]
[White "Steinhauser, Thomas"]
[Black "Giacometto, Mario"]
[WhiteElo "2110"]
[BlackElo "1944"]
[Result "1/2-1/2"]
[PlyCount "127"]
[EventDate "2015.04.02"]

1. e4 Nf6 2. e5 Nd5 3. Nc3 Nxc3 4. dxc3 Nc6 5. Nf3 e6 6. Bf4 d5 7. Bd3 h6 8. h4
Bd7 9. Qe2 Qe7 10. h5 O-O-O 11. O-O-O Kb8 12. Rh3 f5 13. Nh4 Be8 14. Bb5 Qf7
15. Ng6 Rg8 16. Bg3 Ne7 17. Bh4 Bxb5 18. Qxb5 Qe8 19. Qb3 Nxg6 20. Bxd8 Nf4 21.
Rf3 Nxh5 22. c4 Qxd8 23. cxd5 Be7 24. dxe6 Bg5+ 25. Re3 Bxe3+ 26. fxe3 Qc8 27.
e7 Rh8 28. Qf7 f4 29. exf4 g6 30. Qxg6 Nxf4 31. Qf6 Ne6 32. g4 a6 33. a4 Ka7
34. a5 Re8 35. Qf2+ c5 36. Qf6 Nd4 37. Qb6+ Kb8 38. Qxh6 Rxe7 39. Qd6+ Qc7 40.
Rh1 Qxd6 41. exd6 Rd7 42. Rh8+ Ka7 43. Rh6 Nb5 44. g5 Nxd6 45. Rf6 Ne4 46. Rf5
Rg7 47. Re5 Nxg5 48. Rxc5 Ne4 49. Rd5 Rg1+ 50. Rd1 Rxd1+ 51. Kxd1 Kb8 52. Ke2
Kc7 53. Ke3 Nd6 54. Kd4 Kc6 55. c4 Nf5+ 56. Kc3 Kc5 57. b4+ Kc6 58. Kd3 b5 59.
axb6 Kxb6 60. Kc3 Ne7 61. Kb3 Nc8 62. Ka4 Ka7 63. c5 Kb7 64. b5 1/2-1/2

[Event "VII Memorial Nicola Palladino A"]
[Site "Milano ITA"]
[Date "2015.04.06"]
[Round "7"]
[White "Tagliaferri, Valerio"]
[Black "Alm, Christopher"]
[WhiteElo "1820"]
[BlackElo "2133"]
[Result "0-1"]
[PlyCount "88"]
[EventDate "2015.04.02"]

1. d4 Nf6 2. Nf3 g6 3. Nbd2 d5 4. e3 Bg7 5. Be2 O-O 6. O-O c5 7. c3 b6 8. b4 a5
9. bxc5 bxc5 10. Nb3 Ne4 11. Bb2 a4 12. Nxc5 a3 13. Bc1 Nxc5 14. dxc5 Qa5 15.
Bd2 Qxc5 16. Nd4 Nc6 17. Rc1 Ne5 18. Qb3 Ba6 19. Qb4 Rfc8 20. Rfd1 Bxe2 21.
Qxc5 Rxc5 22. Nxe2 Rb8 23. Nd4 Nc4 24. Nb3 Rc7 25. Be1 e6 26. Rc2 Nb2 27. Ra1
Nd3 28. Bd2 Nb4 29. Rac1 Nxc2 30. Rxc2 Rc4 31. Kf1 Rbc8 32. Nd4 Bxd4 33. exd4
Rxd4 34. Ke2 Rdc4 35. f3 d4 36. Kd3 dxc3 37. Rxc3 Rxc3+ 38. Bxc3 f5 39. f4 h6
40. Kc2 g5 41. fxg5 hxg5 42. Kb3 f4 43. Bb4 g4 44. Bxa3 f3 0-1

[Event "VII Memorial Nicola Palladino B"]
[Site "Milano ITA"]
[Date "2015.04.02"]
[Round "1"]
[White "Biava, Pierluigi"]
[Black "Persico, Lorenzo"]
[WhiteElo "1609"]
[BlackElo "1427"]
[Result "1-0"]
[PlyCount "75"]
[EventDate "2015.04.02"]

1. e4 e5 2. Nf3 Nc6 3. Bb5 a6 4. Ba4 Bc5 5. c3 Nge7 6. O-O Bb6 7. d4 Ng6 8. d5
Nce7 9. Bg5 f6 10. Be3 Bxe3 11. fxe3 O-O 12. h4 f5 13. h5 fxe4 14. hxg6 exf3
15. gxh7+ Kxh7 16. Rxf3 Rxf3 17. Qxf3 Kg8 18. Nd2 d6 19. Rf1 Bf5 20. g4 Bg6 21.
e4 c6 22. Bb3 cxd5 23. exd5 Nc8 24. Ne4 Bxe4 25. Qxe4 Nb6 26. Qf5 Qd7 27. Qe6+
Kh8 28. Rf7 Qc8 29. Qxc8+ Rxc8 30. Rxb7 Na8 31. Rd7 Re8 32. Rxd6 Nc7 33. Rc6
Nb5 34. Rxa6 e4 35. Re6 Nd6 36. Rxd6 e3 37. Re6 Rxe6 38. dxe6 1-0

[Event "VII Memorial Nicola Palladino B"]
[Site "Milano ITA"]
[Date "2015.04.02"]
[Round "1"]
[White "Bolognese, Leonardo"]
[Black "De Lerma, Andrea"]
[WhiteElo "1564"]
[BlackElo "1709"]
[Result "0-1"]
[PlyCount "70"]
[EventDate "2015.04.02"]

1. d4 Nf6 2. c4 g6 3. Nc3 Bg7 4. e4 d6 5. Nf3 O-O 6. Bd3 c5 7. d5 e6 8. Bg5
exd5 9. cxd5 a6 10. Qd2 Re8 11. O-O b5 12. Bh6 b4 13. Na4 Bd7 14. b3 Bb5 15.
Bxg7 Kxg7 16. Rfe1 Nbd7 17. Nb2 Ng4 18. Bxb5 axb5 19. Nd3 Qf6 20. h3 Nge5 21.
Nfxe5 Nxe5 22. Nxe5 Rxe5 23. f4 Re7 24. Qe3 Rae8 25. Qf3 Rxe4 26. Rxe4 Qxa1+
27. Kh2 Rxe4 28. Qxe4 Qd4 29. Qxd4+ cxd4 30. Kg3 Kf6 31. Kf3 g5 32. g3 gxf4 33.
gxf4 Kf5 34. Ke2 Ke4 35. Kd2 f5 0-1

[Event "VII Memorial Nicola Palladino B"]
[Site "Milano ITA"]
[Date "2015.04.02"]
[Round "1"]
[White "Bossoni, Alessandra"]
[Black "Myftaraj, Ylli"]
[WhiteElo "1489"]
[BlackElo "1634"]
[Result "0-1"]
[PlyCount "98"]
[EventDate "2015.04.02"]

1. e4 d5 2. exd5 Qxd5 3. Nc3 Qa5 4. Nf3 c6 5. h3 Nf6 6. Bc4 h6 7. O-O Bf5 8.
Re1 Nbd7 9. d4 e6 10. a3 Bd6 11. Be3 Nd5 12. Nxd5 cxd5 13. Bb3 O-O 14. Rc1 Rac8
15. Qe2 Qc7 16. c3 Bf4 17. Bxf4 Qxf4 18. Qe3 Qxe3 19. Rxe3 Nb6 20. Rce1 Nc4 21.
Bxc4 Rxc4 22. g4 Bh7 23. Ne5 Rc7 24. f3 Rb8 25. h4 a5 26. a4 b5 27. axb5 Rxb5
28. R1e2 Rcb7 29. Nd3 Bxd3 30. Rxd3 Rxb2 31. Rxb2 Rxb2 32. Rd1 Rc2 33. Ra1 Rxc3
34. Kf2 Rc4 35. Ke3 a4 36. Kd3 g6 37. Ra3 Kg7 38. Rc3 Rb4 39. Ra3 Kf6 40. Ke3
e5 41. Rd3 exd4+ 42. Rxd4 Rxd4 43. Kxd4 a3 44. Kc3 Ke5 45. Kb3 Kf4 46. Kxa3
Kxf3 47. g5 hxg5 48. hxg5 Kf4 49. Kb3 Kxg5 0-1

[Event "VII Memorial Nicola Palladino B"]
[Site "Milano ITA"]
[Date "2015.04.02"]
[Round "1"]
[White "Cagnotto, Marco"]
[Black "Nikonov, Maxim"]
[WhiteElo "1673"]
[BlackElo "1507"]
[Result "0-1"]
[PlyCount "84"]
[EventDate "2015.04.02"]

1. e4 e5 2. Nf3 Nc6 3. d4 exd4 4. Nxd4 Bc5 5. Be3 Qf6 6. c3 Nge7 7. Bc4 d6 8.
O-O O-O 9. Nxc6 Nxc6 10. Bxc5 dxc5 11. Nd2 Be6 12. Qe2 Rad8 13. Rad1 Ne5 14.
Bxe6 fxe6 15. f3 Nd3 16. Nc4 Nf4 17. Qc2 Qg5 18. Rfe1 b5 19. Na3 b4 20. cxb4
cxb4 21. Nc4 Rxd1 22. Rxd1 Nxg2 23. Qxg2 Qc5+ 24. Qf2 Qxc4 25. b3 Qb5 26. Qxa7
Rxf3 27. Rd8+ Rf8 28. Rxf8+ Kxf8 29. Qxc7 Qg5+ 30. Qg3 Qxg3+ 31. hxg3 Kf7 32.
Kf2 Kf6 33. Ke3 Ke5 34. Kd3 h5 35. Ke3 g5 36. Kf3 h4 37. gxh4 gxh4 38. Kg4 Kxe4
39. Kxh4 Kf3 40. Kg5 e5 41. Kf5 e4 42. Ke5 e3 0-1

[Event "VII Memorial Nicola Palladino B"]
[Site "Milano ITA"]
[Date "2015.04.02"]
[Round "1"]
[White "Carli, Federico"]
[Black "Bonghi, Fabrizio"]
[WhiteElo "1641"]
[BlackElo "1498"]
[Result "1-0"]
[PlyCount "25"]
[EventDate "2015.04.02"]

1. e4 c5 2. c3 d6 3. d4 cxd4 4. cxd4 Nf6 5. Nc3 Nbd7 6. Nf3 e5 7. dxe5 dxe5 8.
Bb5 Bc5 9. Nxe5 O-O 10. Nxd7 Nxd7 11. O-O f5 12. Qd5+ Kh8 13. Bxd7 1-0

[Event "VII Memorial Nicola Palladino B"]
[Site "Milano ITA"]
[Date "2015.04.02"]
[Round "1"]
[White "Casamassima, Paolo"]
[Black "Palermiti, Francesco"]
[WhiteElo "1633"]
[BlackElo "1444"]
[Result "0-1"]
[PlyCount "90"]
[EventDate "2015.04.02"]

1. d4 d5 2. c4 e6 3. Nc3 Nf6 4. e3 a6 5. a4 Bb4 6. Bd2 c6 7. Nf3 O-O 8. cxd5
cxd5 9. Bd3 Nbd7 10. O-O b6 11. Qb3 Bxc3 12. bxc3 Bb7 13. h3 Ne4 14. Bxe4 dxe4
15. Nh2 Rc8 16. Rac1 Nf6 17. Rfd1 Bc6 18. c4 Rb8 19. Bc3 b5 20. axb5 axb5 21.
c5 Nd5 22. Be1 Qc7 23. Ng4 f6 24. Ra1 Qc8 25. Ra5 Nc7 26. Rda1 Bd5 27. Qb1 h5
28. Nh2 f5 29. Qd1 Qe8 30. f3 Qg6 31. Ra7 Rbc8 32. f4 Bc4 33. Bh4 Nd5 34. Qd2
Qe8 35. Qf2 Rf7 36. Nf1 Rxa7 37. Rxa7 b4 38. Nd2 Bb5 39. Kh2 Rc7 40. Ra5 Rc8
41. Ra7 Rc7 42. Ra5 Rc8 43. Nb3 Ra8 44. Rxa8 Qxa8 45. Be7 Nxe7 0-1

[Event "VII Memorial Nicola Palladino B"]
[Site "Milano ITA"]
[Date "2015.04.02"]
[Round "1"]
[White "Castoldi, Andrea"]
[Black "Russo, Luca"]
[WhiteElo "1385"]
[BlackElo "1609"]
[Result "1/2-1/2"]
[PlyCount "137"]
[EventDate "2015.04.02"]

1. e4 e6 2. d4 d5 3. exd5 exd5 4. Bd3 Nc6 5. Nf3 Nf6 6. Bg5 Be7 7. Bxf6 Bxf6 8.
c3 O-O 9. O-O Bg4 10. Nbd2 Ne7 11. Qc2 g6 12. Rfe1 Re8 13. Ne5 Bf5 14. Bxf5
Nxf5 15. Nef3 Qd6 16. Qa4 c6 17. Rxe8+ Rxe8 18. Qxa7 b5 19. Qc5 Be7 20. Qxd6
Bxd6 21. Kf1 b4 22. a4 bxa3 23. bxa3 Ra8 24. a4 Bc7 25. Ke2 Nd6 26. Kd3 f6 27.
c4 Kf7 28. cxd5 cxd5 29. Nb3 Nc4 30. h3 Nb2+ 31. Ke3 Rxa4 32. Rxa4 Nxa4 33. Nc5
Nb6 34. Ne1 g5 35. Ned3 Nc4+ 36. Ke2 h5 37. g4 hxg4 38. hxg4 Nd6 39. f3 Nb5 40.
Ke3 Ba5 41. Nb2 Bc3 42. Nba4 Bxd4+ 43. Kd3 Be5 44. Ke2 d4 45. Kd3 Kg6 46. Ne4
f5 47. gxf5+ Kxf5 48. Nac5 Kf4 49. Ke2 Nc3+ 50. Nxc3 dxc3 51. Nd3+ Kf5 52. Ne1
Bg3 53. Nd3 Bf4 54. Ne1 Bd2 55. Nc2 Kf4 56. Nd4 Ke5 57. Nc2 Kd5 58. Kd3 Kc5 59.
Nd4 Kb4 60. Ke4 Bf4 61. Kd3 Bd2 62. Nc2+ Kb3 63. Nd4+ Kb2 64. Nc2 Kb1 65. Nd4
Kc1 66. Ne2+ Kd1 67. Nd4 Ke1 68. Nc2+ Kf2 69. Ke4 1/2-1/2

[Event "VII Memorial Nicola Palladino B"]
[Site "Milano ITA"]
[Date "2015.04.02"]
[Round "1"]
[White "Colonetti, Fabio"]
[Black "Colonetti, Giacomo"]
[WhiteElo "1605"]
[BlackElo "1338"]
[Result "1-0"]
[PlyCount "83"]
[EventDate "2015.04.02"]

1. e4 e5 2. Nf3 Nc6 3. Bc4 Nf6 4. Ng5 d5 5. exd5 Na5 6. Bb5+ Bd7 7. Qe2 Qe7 8.
O-O Nxd5 9. Bxd7+ Qxd7 10. Qxe5+ Kd8 11. Qe2 Nc6 12. Nf3 Bd6 13. d3 Re8 14. Qd1
Ke7 15. Bg5+ Kf8 16. Nbd2 f6 17. Bh4 Ne5 18. Nxe5 Bxe5 19. Nc4 c6 20. Nxe5 Rxe5
21. Re1 Rae8 22. Qd2 Rxe1+ 23. Rxe1 Rxe1+ 24. Qxe1 Qe7 25. Qxe7+ Kxe7 26. a3 g5
27. Bg3 Nf4 28. Bxf4 gxf4 29. Kf1 Ke6 30. Ke2 Ke5 31. Kf3 h5 32. g3 fxg3 33.
hxg3 f5 34. Kg2 Kd4 35. Kh3 Ke5 36. f4+ Kf6 37. Kh4 Kg6 38. d4 b6 39. c4 a6 40.
d5 cxd5 41. cxd5 b5 42. d6 1-0

[Event "VII Memorial Nicola Palladino B"]
[Site "Milano ITA"]
[Date "2015.04.02"]
[Round "1"]
[White "Fantina, Carla"]
[Black "Aloe, Giancarlo"]
[WhiteElo "1333"]
[BlackElo "1602"]
[Result "0-1"]
[PlyCount "66"]
[EventDate "2015.04.02"]

1. c4 e5 2. g3 Nf6 3. Bg2 d5 4. cxd5 Nxd5 5. Nc3 Nb6 6. Nf3 Nc6 7. O-O Be7 8.
d3 O-O 9. Bd2 Be6 10. h3 Re8 11. Kh2 f6 12. Na4 Nd5 13. Nc3 Bf8 14. b3 Qd7 15.
Ne4 Rad8 16. Qc1 b6 17. Nc3 Nce7 18. Nxd5 Bxd5 19. Qc2 c5 20. Rfd1 Bf7 21. Ne1
Nf5 22. Bc3 Nd4 23. Bxd4 exd4 24. Nf3 Bd6 25. Nd2 Rxe2 26. Re1 Rde8 27. Rxe2
Rxe2 28. Kg1 Qf5 29. Rf1 Qg5 30. Rd1 Bxg3 31. Ne4 Bxf2+ 32. Kh1 Rxc2 33. Nxg5
fxg5 0-1

[Event "VII Memorial Nicola Palladino B"]
[Site "Milano ITA"]
[Date "2015.04.02"]
[Round "1"]
[White "Invernizzi, Ferruccio"]
[Black "Benedetti, Mario"]
[WhiteElo "1597"]
[BlackElo "1313"]
[Result "1-0"]
[PlyCount "49"]
[EventDate "2015.04.02"]

1. e4 c5 2. d4 cxd4 3. c3 dxc3 4. Nxc3 d6 5. Nf3 Nc6 6. Bc4 Nf6 7. O-O e6 8.
Qe2 Be7 9. Rd1 Qc7 10. Bf4 O-O 11. Nb5 Qb6 12. Nxd6 Bxd6 13. Bxd6 Rd8 14. Ba3
Nd4 15. Nxd4 Rxd4 16. Rxd4 Qxd4 17. Rd1 Qb6 18. Be7 Nd7 19. Bb5 Qc7 20. Qd3 f6
21. Bxd7 Bxd7 22. Qxd7 Qxd7 23. Rxd7 Rc8 24. Rd8+ Rxd8 25. Bxd8 1-0

[Event "VII Memorial Nicola Palladino B"]
[Site "Milano ITA"]
[Date "2015.04.02"]
[Round "1"]
[White "Maran, Walter"]
[Black "Crippa, Oscar"]
[WhiteElo "1547"]
[BlackElo "1694"]
[Result "1/2-1/2"]
[PlyCount "56"]
[EventDate "2015.04.02"]

1. e4 e6 2. d4 d5 3. Nd2 Nf6 4. e5 Nfd7 5. Bd3 c5 6. c3 Nc6 7. Ne2 cxd4 8. cxd4
f6 9. exf6 Nxf6 10. O-O Bd6 11. Nf3 O-O 12. Bg5 Bd7 13. a3 Kh8 14. Bh4 Rc8 15.
Rc1 Qb6 16. b4 a6 17. Bb1 Na7 18. Bxf6 Rxf6 19. Rxc8+ Nxc8 20. Qc2 g6 21. Qd2
Qd8 22. Qg5 Qf8 23. Ne5 Bb5 24. Qe3 Nb6 25. f3 Nc4 26. Nxc4 Bxc4 27. Rd1 Qf7
28. Bd3 b5 1/2-1/2

[Event "VII Memorial Nicola Palladino B"]
[Site "Milano ITA"]
[Date "2015.04.02"]
[Round "1"]
[White "Pirovano, Ezio"]
[Black "Colica, Daniele"]
[WhiteElo "1433"]
[BlackElo "1624"]
[Result "0-1"]
[PlyCount "76"]
[EventDate "2015.04.02"]

1. e4 d5 2. exd5 Nf6 3. d4 Bg4 4. Nf3 Qxd5 5. Be2 Nc6 6. Nc3 Qh5 7. h3 O-O-O 8.
Be3 e5 9. Rh2 Nxd4 10. Bxd4 Bxf3 11. Bxf3 Qg6 12. Qd3 Qxd3 13. cxd3 Rxd4 14.
O-O-O Bc5 15. Rhh1 Rhd8 16. Kc2 c6 17. Ne4 Nxe4 18. Bxe4 g6 19. g4 f6 20. Rhf1
Kc7 21. f4 f5 22. gxf5 gxf5 23. Bxf5 Rxf4 24. Rxf4 exf4 25. Bxh7 Be3 26. Be4
Rg8 27. Rh1 Rg3 28. h4 f3 29. Rf1 f2 30. Kd1 Kd6 31. Ke2 Ke5 32. Rh1 Rg1 33.
Bg2 f1=Q+ 34. Bxf1 Rxh1 35. Bg2 Rh2 36. Kf3 Rxg2 37. Kxg2 Kd4 38. Kf3 Kxd3 0-1

[Event "VII Memorial Nicola Palladino B"]
[Site "Milano ITA"]
[Date "2015.04.02"]
[Round "1"]
[White "Poletto, Daniele"]
[Black "Pipitone, Filippo Massimo"]
[WhiteElo "1709"]
[BlackElo "1549"]
[Result "1/2-1/2"]
[PlyCount "70"]
[EventDate "2015.04.02"]

1. c4 e5 2. Nc3 Nc6 3. g3 g6 4. e4 d6 5. Bg2 Bg7 6. d3 Nge7 7. Nge2 O-O 8. O-O
Be6 9. Be3 a6 10. Qd2 f5 11. Bh6 Qd7 12. Bxg7 Kxg7 13. f4 Rab8 14. Nd5 Rf7 15.
b3 fxe4 16. dxe4 b5 17. fxe5 Nxe5 18. Rxf7+ Bxf7 19. Qc3 bxc4 20. bxc4 c6 21.
Nxe7 Qxe7 22. c5 Qa7 23. Qd4 Qxc5 24. Qxc5 dxc5 25. Rc1 Rb5 26. Nc3 Rb8 27. Bf1
a5 28. Rc2 Rb4 29. a3 Rd4 30. Ne2 Rxe4 31. Rxc5 Nf3+ 32. Kf2 Nxh2 33. Bg2 Ng4+
34. Ke1 Re3 35. Rxc6 Rxa3 1/2-1/2

[Event "VII Memorial Nicola Palladino B"]
[Site "Milano ITA"]
[Date "2015.04.02"]
[Round "1"]
[White "Pollio, Ciro"]
[Black "Mapelli, Davide"]
[WhiteElo "1779"]
[BlackElo "1579"]
[Result "1/2-1/2"]
[PlyCount "43"]
[EventDate "2015.04.02"]

1. d4 Nf6 2. c4 g6 3. Nc3 Bg7 4. e4 O-O 5. Nf3 d6 6. Be2 e5 7. Be3 Nc6 8. d5
Ne7 9. O-O Ne8 10. Nd2 f5 11. f4 Bh6 12. g3 fxe4 13. Ndxe4 exf4 14. Bxf4 Bxf4
15. Rxf4 Rxf4 16. gxf4 Nf5 17. Qd3 Qh4 18. Rf1 Bd7 19. Ng5 Neg7 20. Nce4 Rf8
21. Qc3 Ne8 22. Qd2 1/2-1/2

[Event "VII Memorial Nicola Palladino B"]
[Site "Milano ITA"]
[Date "2015.04.02"]
[Round "1"]
[White "Rigotti, Gianluigi"]
[Black "Orlandini, Andrea"]
[WhiteElo "1503"]
[BlackElo "1672"]
[Result "0-1"]
[PlyCount "60"]
[EventDate "2015.04.02"]

1. e4 c5 2. g3 Nc6 3. Bg2 d6 4. Ne2 Nf6 5. O-O g6 6. c3 Bg7 7. d4 O-O 8. d5 Ne5
9. Bf4 Ned7 10. h3 Rb8 11. Nd2 b5 12. b4 Nh5 13. Rc1 Nxf4 14. Nxf4 a5 15. a3
Ba6 16. Nd3 Rc8 17. f4 Qb6 18. Kh2 cxb4 19. cxb4 Rxc1 20. Nxc1 axb4 21. axb4
Qd4 22. Ndb3 Qxb4 23. Nd3 Qc4 24. Na5 Qa4 25. Qxa4 bxa4 26. Rd1 a3 27. Nc6 a2
28. Ndb4 Be2 29. Nxa2 Bxd1 30. Nc3 Bxc3 0-1

[Event "VII Memorial Nicola Palladino B"]
[Site "Milano ITA"]
[Date "2015.04.03"]
[Round "2"]
[White "Aloe, Giancarlo"]
[Black "Carli, Federico"]
[WhiteElo "1602"]
[BlackElo "1641"]
[Result "1/2-1/2"]
[PlyCount "63"]
[EventDate "2015.04.02"]

1. d4 Nf6 2. Nf3 g6 3. g3 Bg7 4. Bg2 O-O 5. O-O d6 6. c4 Nbd7 7. Nbd2 e5 8.
dxe5 Nxe5 9. Qc2 c6 10. Nxe5 dxe5 11. b3 e4 12. e3 Nh5 13. Bb2 f5 14. Rad1 Qc7
15. Bxg7 Nxg7 16. c5 b5 17. b4 a5 18. a3 Be6 19. Nb3 Bxb3 20. Qxb3+ Kh8 21. Qc3
axb4 22. axb4 Rad8 23. Rd4 h6 24. Rfd1 Kh7 25. Rd6 Nh5 26. Qb3 Rxd6 27. Rxd6
Rf6 28. g4 fxg4 29. Bxe4 Rxd6 30. cxd6 Qxd6 31. Qf7+ Ng7 32. Kg2 1/2-1/2

[Event "VII Memorial Nicola Palladino B"]
[Site "Milano ITA"]
[Date "2015.04.03"]
[Round "2"]
[White "Bonghi, Fabrizio"]
[Black "Fantina, Carla"]
[WhiteElo "1498"]
[BlackElo "1333"]
[Result "1-0"]
[PlyCount "185"]
[EventDate "2015.04.02"]

1. d4 Nf6 2. c4 d6 3. Nf3 g6 4. g3 Bg7 5. Bg2 O-O 6. O-O c6 7. Nc3 Bd7 8. e4
Qc8 9. e5 Ne8 10. Bg5 f6 11. exf6 exf6 12. Be3 Bh3 13. Qd2 Bxg2 14. Kxg2 h5 15.
Nh4 Kh7 16. Qd3 f5 17. Ne2 Qe6 18. Nf4 Qe4+ 19. Qxe4 fxe4 20. Nfxg6 Rf6 21. f4
Rxg6 22. Nxg6 Kxg6 23. f5+ Kh7 24. Rae1 Nf6 25. Bg5 Nbd7 26. b3 d5 27. Bf4 a6
28. cxd5 cxd5 29. Be5 Rc8 30. Rc1 Rc6 31. Rxc6 bxc6 32. Rc1 e3 33. Rxc6 a5 34.
Ra6 e2 35. Kf2 Ng4+ 36. Kxe2 Ngxe5 37. dxe5 Nxe5 38. Ra7 Kg8 39. Rxa5 Ng4 40.
h3 Nf6 41. Ra8+ Kh7 42. a4 Ne4 43. Kf3 Be5 44. g4 Ng5+ 45. Kg2 hxg4 46. hxg4
Ne4 47. b4 Bd6 48. b5 Bc5 49. a5 d4 50. b6 d3 51. Rd8 d2 52. b7 Bd6 53. b8=Q
Bxb8 54. Kf1 Bf4 55. Ke2 Nc3+ 56. Kf3 Bg5 57. Rd7+ Kg8 58. a6 Nb5 59. f6 Bxf6
60. Rxd2 Kf7 61. Ke4 Ke6 62. Rd3 Na7 63. Rb3 Bd8 64. Rb7 Nc8 65. Rh7 Nd6+ 66.
Kf4 Nf7 67. a7 Bc7+ 68. Ke4 Ng5+ 69. Kd3 Nxh7 70. a8=Q Nf6 71. g5 Nd5 72. Qg8+
Kd6 73. Ke4 Nc3+ 74. Kf5 Nb5 75. Kg6 Na7 76. Kf7 Nc6 77. Ke8 Ne5 78. Qh7 Ba5
79. Qe7+ Kd5 80. Qa3 Bc7 81. Qg3 Bd6 82. Qb3+ Ke4 83. Qe6 Bc5 84. g6 Kf4 85. g7
Bb4 86. g8=Q Bc5 87. Qf6+ Ke4 88. Qgg5 Bd4 89. Qg2+ Kd3 90. Qa6+ Kc3 91. Qgf1
Kb4 92. Qab5+ Kc3 93. Qfb1 1-0